Business organization and management (Record no. 2602)

MARC details
000 -LEADER
fixed length control field 00446 a2200169 4500
001 - CONTROL NUMBER
control field 068987
003 - CONTROL NUMBER IDENTIFIER
control field OSt
005 - DATE AND TIME OF LATEST TRANSACTION
control field 20220331153611.0
008 - FIXED-LENGTH DATA ELEMENTS--GENERAL INFORMATION
fixed length control field
082 ## - DEWEY DECIMAL CLASSIFICATION NUMBER
Classification number 658.01
Item number B46B
100 1# - MAIN ENTRY--PERSONAL NAME
Personal name Bhatia, R.C.
245 1# - TITLE STATEMENT
Title Business organization and management
Statement of responsibility, etc by R.C. Bhatia
260 ## - PUBLICATION, DISTRIBUTION, ETC. (IMPRINT)
Place of publication, distribution, etc New Delhi
Name of publisher, distributor, etc Ane Books
Date of publication, distribution, etc 2009
300 ## - PHYSICAL DESCRIPTION
Extent 327p.
653 ## - INDEX TERM--UNCONTROLLED
Uncontrolled term Business; Industrial management; Management
942 ## - ADDED ENTRY ELEMENTS (KOHA)
Source of classification or shelving scheme Dewey Decimal Classification
Koha item type Books
Holdings
Withdrawn status Lost status Source of classification or shelving scheme Damaged status Not for loan Collection code Home library Current library Date acquired Source of acquisition Cost, normal purchase price Total Checkouts Full call number Barcode Date last seen Date checked out Price effective from Koha item type
    Dewey Decimal Classification     General Text Book Central University Of Rajasthan Central University Of Rajasthan 07/03/2012 MGM 295.00 1 658.01 B46B 3274 21/11/2024 07/01/2022 02/09/2020 Books